Statistics for Monarchs and their Descendants - United Kingdom (1952-2022)

Click here to take the quiz!

General Stats

  • This quiz has been taken 109 times
  • The average score is 21 of 26

Answer Stats

HintAnswer% Correct
ChildrenCharles, Prince of Wales (now Charles III)
100%
MonarchElizabeth II
100%
Grandchildren (Charles)Prince William, Duke of Cambridge (now William, Prince of Wales)
99%
Grandchildren (Charles)Prince Harry, Duke of Sussex
98%
SpousePrince Philip, Duke of Edinburgh
98%
ChildrenAnne, Princess Royal
95%
ChildrenPrince Andrew, Duke of York
95%
Great-Grandchildren (William)Prince George of Cambridge (now Prince George of Wales)
94%
Great-Grandchildren (Harry)Archie Mountbatten-Windsor
93%
Great-Grandchildren (William)Princess Charlotte of Cambridge (now Princess Charlotte of Wales)
93%
ChildrenPrince Edward, Earl of Wessex
92%
Great-Grandchildren (William)Prince Louis of Cambridge (now Prince Louis of Wales)
92%
Great-Grandchildren (Harry)Lilibet Mountbatten-Windsor
87%
Grandchildren (Andrew)Princess Beatrice of York
87%
Grandchildren (Andrew)Princess Eugenie of York
81%
Grandchildren (Anne)Zara Tindall
80%
Grandchildren (Anne)Peter Phillips
74%
Grandchildren (Edward)Lady Louise Windsor
73%
Grandchildren (Edward)James, Viscount Severn
72%
Great-Grandchildren (Zara)Mia Tindall
62%
Great-Grandchildren (Peter)Isla Phillips
56%
Great-Grandchildren (Eugenie)August Brooksbank
55%
Great-Grandchildren (Peter)Savannah Phillips
54%
Great-Grandchildren (Zara)Lena Tindall
51%
Great-Grandchildren (Zara)Lucas Tindall
47%
Great-Grandchildren (Beatrice)Sienna Mapelli Mozzi
47%

Score Distribution

Percentile by Number Answered

Percent of People with Each Score

Your Score History

You have not taken this quiz